00747 a2200205 4500010001400000020002300014035001300037037001500050082001100065090001700076100001800093245007800111260003800189270005900227300002800286500005000314942002600364999001700390952013400407 aENG-89278 a81773527672c40.00 aEN-72811 bDBAD / PUB14a954.31 c10686d106861 aRengaraju, G.1 aColonical design and Dravidian awakening in Tamil Nadu /cby G. Rengaraju aChennaibPavai Publicationsc2006 a142, Jani Jan Khan Road, Royapettah,bChennaie660 014 axvii, 101p.c21cm (Pbk) aIncludes bibliographical references and index adplcENk954.31 / REN c10391d10391 00102ddc40718NFICaDBADbDBADeDBAD/PUBg40.00l0o954.31 RENpEN-72811r2008-09-15 00:00:00t1u11447v40.00w2008-09-15yEN